[Event "Jerusalem Japhet Memorial op 3rd"]
[Site "Jerusalem"]
[Date "2016.07.14"]
[Round "6"]
[White "Musyuk, Lior"]
[Black "Saadon, Netanel"]
[Result "1/2-1/2"]
[WhiteElo "2062"]
[BlackElo "1908"]
[PlyCount "53"]
[EventDate "2016.07.10"]
[EventType "swiss"]
[EventRounds "7"]
[EventCountry "ISR"]
[SourceTitle "CBM 173 Extra"]
[Source "ChessBase"]
[SourceDate "2016.08.29"]
[SourceVersion "1"]
[SourceVersionDate "2016.08.29"]
[SourceQuality "1"]

1. e4 c5 2. Nf3 e6 3. d4 cxd4 4. Nxd4 Nc6 5. Nc3 Qc7 6. g3 a6 7. Bg2 Nf6 8. 0-0 h5 9. Nb3 Be7 10. Bf4 Ne5 11. Bxe5 Qxe5 12. Qd4 Qxd4 13. Nxd4 Ng4 14. Nce2 h4 15. h3 Ne5 16. g4 b5 17. a4 b4 18. b3 Bb7 19. f4 Nc6 20. Nxc6 Bxc6 21. Rad1 Rc8 22. Rd2 Bc5+ 23. Kh2 Ke7 24. Rfd1 Rc7 25. Nd4 Ba8 26. Ne2 Rhc8 27. Rd3 1/2-1/2

[Event "EU-ch 16th"]
[Site "Jerusalem"]
[Date "2015.03.01"]
[Round "5"]
[White "Blau, Sergey"]
[Black "Saadon, Netanel"]
[Result "0-1"]
[WhiteElo "1823"]
[BlackElo "1939"]
[PlyCount "50"]
[EventDate "2015.02.24"]
[EventType "swiss"]
[EventRounds "11"]
[EventCountry "ISR"]
[SourceTitle "CBM 166"]
[Source "ChessBase"]
[SourceDate "2015.05.11"]
[SourceVersion "1"]
[SourceVersionDate "2015.05.11"]
[SourceQuality "1"]

1. d4 Nf6 2. c4 c5 3. d5 b5 4. cxb5 a6 5. e3 axb5 6. Bxb5 g6 7. Nc3 Bg7 8. Nge2 0-0 9. 0-0 Bb7 10. e4 e6 11. Bf4 exd5 12. exd5 d6 13. Ng3 Qb6 14. Qb3 Rd8 15. Rfd1 Na6 16. Rd2 Nc7 17. a4 Nxb5 18. Qxb5 Nxd5 19. Qxb6 Nxb6 20. Rxd6 Rxd6 21. Bxd6 Nc4 22. Bxc5 Nxb2 23. Nge2 Bc6 24. a5 Na4 25. Bb4 Rb8 0-1